| Tag |
First Indicator |
Second Indicator |
Subfields |
| LEADER |
00000cam a2200000 4500 |
| 001 |
in00000454821 |
| 005 |
20151012095734.0 |
| 008 |
721120s1972 nyu b 00010 eng |
| 010 |
|
|
|a 72076373
|
| 020 |
|
|
|a 0060462124
|
| 035 |
|
|
|a (OCoLC)00520928
|
| 035 |
|
|
|9 ABZ1213AM
|
| 040 |
|
|
|a DLC
|c DLC
|d TXA
|d UtOrBLW
|
| 043 |
|
|
|a n-us---
|
| 049 |
|
|
|a TXAM
|c [1234188]
|
| 050 |
0 |
0 |
|a HT1521
|b .S53 1972
|
| 082 |
0 |
|
|a 301.45/1/042
|
| 100 |
1 |
|
|a Simpson, George Eaton,
|d 1904-1998.
|
| 245 |
1 |
0 |
|a Racial and cultural minorities :
|b an analysis of prejudice and discrimination /
|c [by] George Eaton Simpson [and] J. Milton Yinger.
|
| 250 |
|
|
|a 4th ed.
|
| 264 |
|
1 |
|a New York :
|b Harper & Row,
|c [1972]
|
| 300 |
|
|
|a viii, 775 pages ;
|c 27 cm.
|
| 336 |
|
|
|a text
|b txt
|2 rdacontent
|
| 337 |
|
|
|a unmediated
|b n
|2 rdamedia
|
| 338 |
|
|
|a volume
|b nc
|2 rdacarrier
|
| 504 |
|
|
|a Bibliography: pages 731-758.
|
| 586 |
|
|
|a Anisfield-Wolf Book Award, 1959
|
| 650 |
|
0 |
|a Minorities.
|
| 650 |
|
0 |
|a Race relations.
|
| 651 |
|
0 |
|a United States
|x Race relations.
|
| 700 |
1 |
|
|a Yinger, J. Milton
|q (John Milton),
|d 1916-
|
| 999 |
|
|
|a MARS
|
| 999 |
f |
f |
|s 022703ee-5e66-372c-8a72-708fa929ca1a
|i fb1a2a9e-e1a6-3437-9bcb-0456bffcb18a
|t 0
|
| 952 |
f |
f |
|p ric
|a Texas A&M University
|b Rellis Campus
|c Joint Library Facility
|d Remote Storage
|t 0
|e HT1521 .S53 1972
|h Library of Congress classification
|i unmediated -- volume
|m A14803007561
|
| 998 |
f |
f |
|a HT1521 .S53 1972
|t 0
|l Remote Storage
|